Reforming recovery (Record no. 79683)
[ view plain ]
| 000 -LEADER | |
|---|---|
| fixed length control field | 00956cab a22002295a 4500 |
| 001 - CONTROL NUMBER | |
| control field | L141979 |
| 008 - FIXED-LENGTH DATA ELEMENTS--GENERAL INFORMATION | |
| fixed length control field | 080117e20071123xxk f 000 0 eng d |
| 035 ## - SYSTEM CONTROL NUMBER | |
| System control number | (Sirsi) u141979 |
| 041 0# - LANGUAGE CODE | |
| Language code of text/sound track or separate title | eng |
| 100 1# - MAIN ENTRY--PERSONAL NAME | |
| Personal name | Blower, Andrew |
| 245 00 - TITLE STATEMENT | |
| Title | Reforming recovery |
| 260 ## - PUBLICATION, DISTRIBUTION, ETC. | |
| Date of publication, distribution, etc. | 2007 |
| 490 #0 - SERIES STATEMENT | |
| Series statement | New Law Journal |
| Volume/sequential designation | 157(729) 23 November 2007, 1645-1646(2) |
| 520 ## - SUMMARY, ETC. | |
| Summary, etc. | Examines the reform of commercial rent arrears recovery (CRAR) following the introduction of the Tribunals, Courts and Enforcement Act 2007, which establishes a new regime for CRAR. Covers: when CRAR can be used; monies which can be recovered; enforcement; expiry of the lease; how CRAR is exercised and sub-tenants. |
| 590 ## - LOCAL NOTE (RLIN) | |
| Local note | KA |
| 650 24 - SUBJECT ADDED ENTRY--TOPICAL TERM | |
| Topical term or geographic name entry element | TRIBUNALS, COURTS AND ENFORCEMENT ACT 2007 |
| 650 24 - SUBJECT ADDED ENTRY--TOPICAL TERM | |
| Topical term or geographic name entry element | COMMERCIAL RENT ARREARS RECOVERY |
| 651 #4 - SUBJECT ADDED ENTRY--GEOGRAPHIC NAME | |
| Geographic name | United Kingdom |
| Chronological subdivision | |
| 690 ## - LOCAL SUBJECT ADDED ENTRY--TOPICAL TERM (OCLC, RLIN) | |
| Topical term or geographic name as entry element | PROPERTY-LANDLORD AND TENANT-TENANCIES-DISTRESS FOR RENT |
| 700 1# - ADDED ENTRY--PERSONAL NAME | |
| Personal name | Quenby, Richard |
| 942 ## - ADDED ENTRY ELEMENTS (KOHA) | |
| Suppress in OPAC | 0 |
| Withdrawn status | Lost status | Source of classification or shelving scheme | Damaged status | Not for loan | Home library | Current library | Shelving location | Date acquired | Total Checkouts | Full call number | Barcode | Date last seen | Copy number | Price effective from | Koha item type |
|---|---|---|---|---|---|---|---|---|---|---|---|---|---|---|---|
| Dewey Decimal Classification | London | London | Journal article | 17/01/2008 | L141979 | 141979-1001 | 06/08/2019 | 1 | 06/08/2019 | Journal article |